BSOP header

The faithful shepherd; (Record no. 42321)

MARC details
000 -LEADER
fixed length control field 00926nam a2200277 4500
001 - CONTROL NUMBER
control field 521004
005 - DATE AND TIME OF LATEST TRANSACTION
control field 20180606095530.0
008 - FIXED-LENGTH DATA ELEMENTS--GENERAL INFORMATION
fixed length control field 721128s1972 ncu- b o001 0 eng
010 ## - LIBRARY OF CONGRESS CONTROL NUMBER
LC control number 72081326
020 ## - INTERNATIONAL STANDARD BOOK NUMBER
International Standard Book Number 0807811939
035 ## - SYSTEM CONTROL NUMBER
System control number ocl70521004
043 ## - GEOGRAPHIC AREA CODE
Geographic area code n-usn--
049 ## - LOCAL HOLDINGS (OCLC)
Holding library IYUU
100 1# - MAIN ENTRY--PERSONAL NAME
Personal name Hall, David D.
245 14 - TITLE STATEMENT
Title The faithful shepherd;
Remainder of title a history of the New England ministry in the seventeenth century,
Statement of responsibility, etc by David D. Hall.
260 ## - PUBLICATION, DISTRIBUTION, ETC. (IMPRINT)
Place of publication, distribution, etc Chapel Hill,
Name of publisher, distributor, etc Published for the Institute of Early American History and Culture, Williamsburg, Va., by the University of North Carolina Press
Date of publication, distribution, etc c1972.
300 ## - PHYSICAL DESCRIPTION
Extent xvi, 301 p.
Dimensions 24 cm.
336 ## - CONTENT TYPE
Content Type Term text
337 ## - MEDIA TYPE
Media Type Term unmediated
338 ## - CARRIER TYPE
Carrier Type Term volume
504 ## - BIBLIOGRAPHY, ETC. NOTE
Bibliography, etc Includes bibliographical references.
650 #0 - SUBJECT ADDED ENTRY--TOPICAL TERM
Topical term or geographic name as entry element Pastoral theology
General subdivision History of doctrines.
650 #0 - SUBJECT ADDED ENTRY--TOPICAL TERM
Topical term or geographic name as entry element Clergy
Geographic subdivision New England.
651 #0 - SUBJECT ADDED ENTRY--GEOGRAPHIC NAME
Geographic name New England
General subdivision Church history.
942 ## - ADDED ENTRY ELEMENTS (KOHA)
Source of classification or shelving scheme Library of Congress Classification
Item type Books
Holdings
Withdrawn status Lost status Source of classification or shelving scheme Damaged status Not for loan Home library Current library Shelving location Date acquired Source of acquisition Inventory number Total Checkouts Full call number Barcode Date last seen Price effective from Koha item type Copy number
    Library of Congress Classification     BSOP Library BSOP Library GC 06/06/2018 Donation by Drs. George and Anne Harper 41491   BR520 F17 1972 00052491 06/06/2018 06/06/2018 Books  
    Library of Congress Classification     BSOP Library BSOP Library GC 08/31/2018 Donation by Drs. George and Anne Harper 42447   BR520 F17 1972 c.2 00053447 08/31/2018 08/31/2018 Books c.2
BSOP

Biblical Seminary of the Philippines
  All rights Reserved
  © 2024

CONTACT INFORMATION

Biblical Seminary of the Philippines,
  77-B Karuhatan Road, Valenzuela City,
  PHILIPPINES 1441
  Phone: +632 8292-6795 / 8292-6798
  Fax : +632 8292-6675
  Email: library@bsop.edu.ph